Guidelines on Valuation for submission to Securities Commission

Bibliographic Details
Corporate Author: Jabatan Penilaian dan Perkhidmatan Harta
Format: Book
Published: Kuala Lumpur : Valuation and Property Services Department , 1995
Subjects:

MARC

LEADER 00000cam a2200000 7i4500
001 0000003382
005 20050113.0
040 |a INS 
090 0 0 |a KD5534.   |b G946 1995 
245 1 0 |a Guidelines on Valuation for submission to Securities Commission 
260 |a Kuala Lumpur :   |b Valuation and Property Services Department ,   |c 1995 
300 |a 14p ;   |c 21cm. 
650 0 0 |a Real Property   |x Valuation   |x Guides 
710 2 |a Jabatan Penilaian dan Perkhidmatan Harta 
999 |a 0000006096   |b BOOK   |c Reference   |e Default branch 
999 |a 0000024317   |b BOOK   |c Open Shelf   |e Default branch